[Event "Phuket Blue Chevaliers op 3rd"]
[Site "Phuket"]
[Date "2024.07.22"]
[Round "2"]
[White "Rajesh, Vasanthakumar"]
[Black "Ravi, Teja Sanka"]
[Result "0-1"]
[WhiteElo "1879"]
[BlackElo "2423"]
[PlyCount "102"]
[EventDate "2024.07.21"]
[EventType "swiss"]
[EventRounds "9"]
[EventCountry "THA"]
[SourceTitle "EXT 2025"]
[Source "ChessBase"]
[SourceDate "2024.10.14"]
[SourceVersion "1"]
[SourceVersionDate "2024.10.14"]
[SourceQuality "1"]

1. e4 c5 2. Nf3 d6 3. d4 cxd4 4. Nxd4 Nf6 5. Nc3 g6 6. Bc4 Bg7 7. f3 Nc6 8. Be3 Bd7 9. Qd2 h5 10. 0-0-0 Na5 11. Bb3 Rb8 12. Nde2 b5 13. Nd5 Nxb3+ 14. axb3 Nxd5 15. exd5 Rc8 16. Kb1 Bf5 17. Rc1 Qd7 18. Ng3 h4 19. Nxf5 Qxf5 20. Qd3 Qxd3 21. cxd3 Kd7 22. Rxc8 Kxc8 23. Bxa7 Rh5 24. Re1 Bf6 25. Kc2 h3 26. g3 Rxd5 27. Re4 Kd7 28. Be3 Rf5 29. f4 Rd5 30. g4 g5 31. fxg5 Bxg5 32. Bxg5 Rxg5 33. Re3 Rxg4 34. Rxh3 b4 35. Rh7 Rg2+ 36. Kc1 f5 37. h4 Ke6 38. Rh8 Rh2 39. h5 Kd5 40. h6 Kd4 41. h7 Kxd3 42. Kb1 e5 43. Rd8 Rh1+ 44. Ka2 Rxh7 45. Rxd6+ Ke3 46. Kb1 f4 47. Kc2 e4 48. Kd1 f3 49. Rf6 f2 50. Kc2 Ke2 51. Re6 Rc7+ 0-1

[Event "Pattaya CAD op"]
[Site "Pattaya"]
[Date "2023.04.04"]
[Round "7"]
[White "Chernyavsky, Alexander"]
[Black "Rajesh, Vasanthakumar"]
[Result "1-0"]
[WhiteElo "2327"]
[BlackElo "1809"]
[PlyCount "59"]
[EventDate "2023.04.01"]
[EventType "swiss"]
[EventRounds "7"]
[EventCountry "THA"]
[SourceTitle "CBM 213 Extra"]
[Source "ChessBase"]
[SourceDate "2023.05.31"]
[SourceVersion "1"]
[SourceVersionDate "2023.05.31"]
[SourceQuality "1"]

1. d4 Nf6 2. Bg5 g6 3. Bxf6 exf6 4. e3 Bg7 5. c4 d5 6. Nc3 dxc4 7. Bxc4 0-0 8. Nge2 f5 9. h4 h6 10. Nf4 Kh7 11. b4 Qd6 12. Qb3 Qd7 13. Rd1 b6 14. Nce2 Bb7 15. Ng3 Nc6 16. h5 g5 17. Nd5 f4 18. Nf5 Kh8 19. Nxg7 Kxg7 20. exf4 Rae8+ 21. Kf1 Ne7 22. Nxe7 Qxe7 23. fxg5 Qxg5 24. d5 Bc8 25. Qc3+ Qe5 26. Qxe5+ Rxe5 27. Rh4 Rfe8 28. g3 Re4 29. Rd4 Bg4 30. Rxg4+ 1-0

[Event "THA-chT Rapid"]
[Site "Bangkok"]
[Date "2021.12.14"]
[Round "4.3"]
[White "Rajesh, Vasanthakumar"]
[Black "Chuersakul, Sarocha"]
[Result "1-0"]
[WhiteElo "1551"]
[BlackElo "1680"]
[PlyCount "105"]
[EventDate "2021.12.13"]
[EventType "team-swiss (rapid)"]
[EventRounds "9"]
[EventCountry "THA"]
[SourceTitle "CBM 205 Extra"]
[Source "ChessBase"]
[SourceDate "2022.01.31"]
[SourceVersion "1"]
[SourceVersionDate "2022.01.31"]
[SourceQuality "1"]
[WhiteTeam "Happy Pawn"]
[BlackTeam "Chiang Mai"]
[WhiteTeamCountry "THA"]
[BlackTeamCountry "THA"]

1. e4 e5 2. Nf3 Nc6 3. Nc3 Nf6 4. g3 Bb4 5. Bg2 0-0 6. 0-0 d6 7. d3 h6 8. h3 Be6 9. a3 Bxc3 10. bxc3 d5 11. exd5 Nxd5 12. c4 Nde7 13. Re1 f6 14. Rb1 Rb8 15. Qe2 Nf5 16. c3 Nd6 17. Nh4 Qd7 18. Kh2 Kh7 19. c5 Nf5 20. Qh5 Nxh4 21. Qxh4 g5 22. Qh5 Bf7 23. Qe2 b6 24. Qe4+ Bg6 25. Qxc6 Qxc6 26. Bxc6 Bxd3 27. Rb2 bxc5 28. Rxb8 Rxb8 29. Be4+ Bxe4 30. Rxe4 Rb1 31. Be3 Rb3 32. Rc4 Rxa3 33. Rxc5 Kg6 34. g4 h5 35. Rxc7 a5 36. Ra7 Rxc3 37. Rxa5 Rc6 38. Rb5 Re6 39. Kg2 f5 40. Rb6 Rxb6 41. Bxb6 hxg4 42. hxg4 fxg4 43. Kg3 Kf5 44. Be3 e4 45. Bc1 Ke5 46. Bxg5 Kd4 47. Be3+ Kc4 48. Kxg4 Kc3 49. Kf5 Kd3 50. Kf4 Kc4 51. Kxe4 Kb5 52. Kd5 Kb4 53. f4 1-0

[Event "Al Ain Amateur op 4th"]
[Site "Al Ain"]
[Date "2015.12.27"]
[Round "6"]
[White "Rajesh, Vasanthakumar"]
[Black "Nanyan, Georgy"]
[Result "1-0"]
[WhiteElo "1633"]
[BlackElo "1644"]
[PlyCount "33"]
[EventDate "2015.12.23"]
[EventType "swiss"]
[EventRounds "9"]
[EventCountry "UAE"]
[SourceTitle "CBM 170 Extra"]
[Source "ChessBase"]
[SourceDate "2016.02.25"]
[SourceVersion "1"]
[SourceVersionDate "2016.02.25"]
[SourceQuality "1"]

1. e4 c5 2. Nf3 a6 3. Nc3 d6 4. Be2 g6 5. d4 cxd4 6. Qxd4 e5 7. Qd3 Nf6 8. Bg5 Be6 9. Nxe5 h6 10. Bxf6 Qxf6 11. Ng4 Qd8 12. Qd4 f6 13. Qxf6 Qxf6 14. Nxf6+ Kf7 15. Nfd5 Nc6 16. Nc7 Rc8 17. Nxe6 1-0